| 000 -LEADER |
| fixed length control field |
00351nam a2200145Ia 4500 |
| 008 - FIXED-LENGTH DATA ELEMENTS--GENERAL INFORMATION |
| fixed length control field |
250117s9999||||xx |||||||||||||| ||und|| |
| 020 ## - INTERNATIONAL STANDARD BOOK NUMBER |
| International Standard Book Number |
9789383758470 |
| 082 ## - DEWEY DECIMAL CLASSIFICATION NUMBER |
| Classification number |
650 |
| Item number |
SIN/T |
| 100 ## - MAIN ENTRY--PERSONAL NAME |
| Personal name |
Singh,S.k |
| 245 #0 - TITLE STATEMENT |
| Title |
Technical Writing |
| 250 ## - EDITION STATEMENT |
| Edition statement |
2nd Edition |
| 260 ## - PUBLICATION, DISTRIBUTION, ETC. |
| Place of publication, distribution, etc. |
New Delhi |
| Name of publisher, distributor, etc. |
Vayu Education of India |
| Date of publication, distribution, etc. |
2025 |
| 300 ## - PHYSICAL DESCRIPTION |
| Extent |
190p. |
| 942 ## - ADDED ENTRY ELEMENTS (KOHA) |
| Koha item type |
Book |